[Event "Verona Province-ch"]
[Site "Zevio Verona"]
[Date "2013.01.20"]
[Round "5"]
[White "Molinaroli, Giacomo"]
[Black "Khachab, Ibrahim"]
[Result "0-1"]
[WhiteElo "1874"]
[BlackElo "1922"]
[PlyCount "158"]
[EventDate "2013.01.12"]
[EventType "swiss"]
[EventRounds "6"]
[EventCountry "ITA"]
[SourceTitle "EXT 2024"]
[Source "ChessBase"]
[SourceDate "2023.10.10"]
[SourceVersion "1"]
[SourceVersionDate "2023.10.10"]
[SourceQuality "1"]

1. e4 e6 2. d4 d5 3. Nc3 Bb4 4. e5 c5 5. Bd2 a6 6. a3 Bxc3 7. bxc3 Nc6 8. Nf3 Nge7 9. Bd3 c4 10. Be2 h6 11. 0-0 Bd7 12. Bc1 Qa5 13. Qd2 Qa4 14. Rb1 0-0-0 15. Re1 g5 16. h3 Rdg8 17. Nh2 h5 18. Qd1 g4 19. hxg4 hxg4 20. Nxg4 Rh4 21. g3 Rh3 22. Bf1 Rhh8 23. Nf6 Rg7 24. Nxd7 Kxd7 25. Rxb7+ Kc8 26. Rb1 Nf5 27. Bd2 Qa5 28. Qc1 Kc7 29. Qb2 Rb8 30. Qa2 Rgg8 31. Red1 Rxb1 32. Rxb1 Nfxd4 33. Be3 Qxc3 34. Qb2 Qxb2 35. Rxb2 Nf3+ 36. Kg2 Nfxe5 37. Bb6+ Kd7 38. Bc5 Rb8 39. Rxb8 Nxb8 40. f4 Nec6 41. Kf3 a5 42. Kg4 Na6 43. Bf2 Nc7 44. Kg5 Nb5 45. Bc5 Nc3 46. Bg2 Na4 47. Be3 Ke7 48. Kg4 Nc3 49. Bc5+ Ke8 50. Kf3 Ne4 51. Bg1 Kd7 52. g4 Kd6 53. Be3 Nc3 54. Bd2 Nb1 55. Bc1 Nd4+ 56. Kf2 Nxc2 57. a4 Nb4 58. Ke3 Nc3 59. Ba3 Nxa4 60. Kd2 c3+ 61. Kc1 d4 62. Bf1 Kd5 63. Bb5 Nc5 64. Be8 f6 65. g5 fxg5 66. fxg5 Ke5 67. Bh5 Ne4 68. g6 Kf6 69. Bf3 Nc5 70. Bh5 d3 71. Kd1 e5 72. Bc1 Ne6 73. Be3 Nf4 74. Bf3 Kxg6 75. Bb6 a4 76. Ba5 Nbd5 77. Be4+ Kg5 78. Bd8+ Kg4 79. Ba5 Ne3+ 0-1